000 00573nam a2200181 a 4500
001 000026409
005 20240229074003.0
008 110317s1995 dr 000 0 spa d
040 _aDO-SdBNP
_bspa
_cBNPHU
082 _axxx
_bS127c
100 1 _a Sáez , José Luis
_d1937-
_9620
245 1 0 _aCinco siglos de la iglesia en Santo Domingo /
_cJosé Luis Sáez.
260 _aSanto Domingo :
_bBúho,
_c1995.
300 _a59 p. ;
_c23 cm.
500 _aIncluye referencias bibliográficas y notas al pie de páginas
504 _aBibliografías : p. 41-45
049 _aBNPD
999 _c25901
_d25901